University Home | Library Home | Institutional Repository

At the court of the Great Mogul : (Record no. 159411)

MARC details
000 -LEADER
fixed length control field 01299cam0a220028901 4500
001 - CONTROL NUMBER
control field lce00052858
008 - FIXED-LENGTH DATA ELEMENTS--GENERAL INFORMATION
fixed length control field 690610s1966 ge a 000 0 eng
010 ## - LIBRARY OF CONGRESS CONTROL NUMBER
LC control number 75390286 //r83
015 ## - NATIONAL BIBLIOGRAPHY NUMBER
National bibliography number GDB***
020 ## - INTERNATIONAL STANDARD BOOK NUMBER
Terms of availability unpriced
035 ## - SYSTEM CONTROL NUMBER
System control number (Sirsi) r16129
035 ## - SYSTEM CONTROL NUMBER
System control number (DLC) 75390286 //r83
035 ## - SYSTEM CONTROL NUMBER
System control number (UPRA)lce00052858
040 ## - CATALOGING SOURCE
Modifying agency UPRA
041 1# - LANGUAGE CODE
Language code of text/sound track or separate title eng ger
Language code of original eng ger
050 0# - LIBRARY OF CONGRESS CALL NUMBER
Classification number NK7198.D5
Item number M413
082 ## - DEWEY DECIMAL CLASSIFICATION NUMBER
Classification number 739.2
100 1# - MAIN ENTRY--PERSONAL NAME
Personal name Dinglinger, Johann Melchior, 1665?-1731.
Dates associated with a name Dinglinger, Johann Melchior, 1665?-1731.
Linkage A73377.1
240 10 - UNIFORM TITLE
Uniform title Am Hofe des Grossmoguls. English
Language of a work Am Hofe des Grossmoguls. English
245 10 - TITLE STATEMENT
Title At the court of the Great Mogul :
Remainder of title The court at Delhi on the birthday of the Great Mogul Aureng-Zeb. Museum piece by Johann Melchior Dinglinger, court jeweller of the elector of Saxony and King of Poland, August II, called August the Strong /
Statement of responsibility, etc. text by Joachim Menzhausen ; photographs by Klaus G. Beyer. (Translated from the German by Michael Horovitz.).
260 ## - PUBLICATION, DISTRIBUTION, ETC.
Place of publication, distribution, etc. (Leipzig :
Name of publisher, distributor, etc. Edition Leipzig,
Date of publication, distribution, etc. 1966.)
500 ## - GENERAL NOTE
General note Translation of Am Hofe des Grossmoguls.
700 1# - ADDED ENTRY--PERSONAL NAME
Personal name Menzhausen, Joachim.
Linkage A73378.1
700 1# - ADDED ENTRY--PERSONAL NAME
Personal name Beyer, Klaus G., 1922-
Dates associated with a name Beyer, Klaus G., 1922-
Linkage A73379.1
949 ## - LOCAL PROCESSING INFORMATION (OCLC)
a NK7198.D5
w lcc
i -11005
m MAIN
t BOOK
l ON-SHELF

No items available.

© 2026 - The University of Zambia Library - Koha v25.11